01137nam a22002057a 4500008004100000020001500041040001800056041000800074110010100082245006700183260005900250300001800309500007000327505036900397650003300766650002400799650003300823700003400856700004100890130821s2003 ck gr spa  a9586167925 aCo-BoUCMbspa00aspa20aUniversidad Externado de Colombia.bDepartamento de Derecho Fiscal.bCentro de Estudios Fiscales00aLecturas en derecho fiscalcUniversidad Externado de Colombia. aBogotá (Colombia)bUniv. Externado de Colombiac2003 a411 páginas aHomenaje a Fernando Hinestrosa 40 años de rectoría 1963-2003. aAlcance de la nueva reforma tributaria. Jurisprudencia tributaria constitucional. Derecho constitucional tributario. Consideraciones en torno a la financiación. La irresponsabilidad regulatoria o el sutil arte de profundizar el déficit fiscal. Gravamen a los movimientos financieros. La reforma procedimental en la ley 788 de 2002. Impuesto de timbre nacional.04aDerecho tributariozColombia04aImpuestoszColombia04aReforma tributariazColombia1 aPiza Rodriguez, Julio Roberto1 aRestrepo Salazar, Juan Camilod1946-